Etica y psicoanálisis
Guardat en:
| Autor principal: | |
|---|---|
| Format: | Llibre |
| Idioma: | espanyol |
| Publicat: |
Ciudad de México
Fondo de Cultura Económica
1986
|
| Col·lecció: | Breviario del Fondo de Cultura Económica, 74
|
| Matèries: | |
| Etiquetes: |
Afegir etiqueta
Sense etiquetes, Sigues el primer a etiquetar aquest registre!
|
MARC
| LEADER | 00000nam a2200000 a 4500 | ||
|---|---|---|---|
| 001 | UCZ9875 | ||
| 003 | CL-VaPUC | ||
| 005 | 20240102124703.0 | ||
| 008 | 960312e19860000MX |||||||||||||||||spa|d | ||
| 999 | |c 244927 |d 244925 | ||
| 040 | |c Pontificia Universidad Católica de Valparaíso | ||
| 082 | 0 | 4 | |a 150.195 |b FRO |2 21 |
| 100 | 0 | |a Fromm, Erich |e author |9 315922 | |
| 245 | 1 | 0 | |a Etica y psicoanálisis |
| 260 | |a Ciudad de México |b Fondo de Cultura Económica |c 1986 | ||
| 300 | |a 278 p | ||
| 490 | 0 | |a Breviario del Fondo de Cultura Económica, 74 | |
| 583 | |a last modification |c 19960312 00:00:00 |k Rodrigo Vera | ||
| 650 | 0 | |a Ética |9 255099 | |
| 650 | 0 | |a Psicoanálisis |9 265702 | |
| 650 | 0 | |a Personalidad |9 307255 | |
| 650 | 0 | |a Ética individual |9 886862 | |
| 942 | |c BK |2 ddc | ||
| 945 | |d 19960312 00:00:00 |a aalvarez | ||
| 952 | |0 0 |1 0 |4 0 |6 150_195000000000000_FRO_1986 |7 0 |8 A |9 259210 |a BIBTEO |b BIBTEO |d 2019-11-19 |i 3176819 |l 1 |o 150.195 FRO 1986 |p 3176819 |r 2025-01-17 |s 2024-09-11 |w 2019-11-19 |y BK |k ICR | ||
| 952 | |0 0 |1 0 |4 0 |6 150_195000000000000_FRO_1986 |7 0 |8 P |9 259211 |a BIBGIM |b BIBGIM |d 2019-11-19 |i 4277910 |o 150.195 FRO 1986 |p 4277910 |r 2025-01-15 |w 2019-11-19 |y BK |k GIM | ||